Ten Countries in 15 Seconds #2 - Statistics

General Stats
  • This quiz has been taken 83 times
  • The average score is 6 of 10
Answer Stats
Country Country % Correct
Bhutan Bhutan
100%
St. Kitts and Nevis St. Kitts and Nevis
91%
Lithuania Lithuania
84%
Bolivia Bolivia
75%
Uzbekistan Uzbekistan
75%
New Zealand New Zealand
63%
Poland Poland
56%
Brazil Brazil
44%
Cameroon Cameroon
34%
Azerbaijan Azerbaijan
22%
No matching quizzes found
Score Distribution
Percent of People with Each Score
Percentile by Number Answered
Your Score History
You have not taken this quiz